000 00668cam a2200217 i 4500
999 _c58496
_d58496
001 17972732
005 20220427125115.0
008 131216s2013 enka b 001 0 eng
020 _a9789350259375
041 _aeng
080 _a615 T-86
100 _aTripathi, K. D.,
_98878
245 1 0 _aEssentials of medical pharmacology /
_cK.D. Tripathi.
250 _aSeventh edition.
264 1 _aNew Delhi :
_bJaypee Brothers Medical Publishers (P), Ltd.,
_c2013.
300 _a1002 pages :
_bcolor illustrations ;
_c25 cm.
653 _aPharmacology.
653 _aფარმაკოლოგია
653 _aPharmaceutical technology.
942 _2udc
_cBK